000 00685nam a2200253Ia 4500
003 OSt
005 20220918215725.0
006 a|||||r|||| 00| 0
007 ta
008 220917b |||||||| |||| 00| 0 eng d
024 _a142,304
037 _cTextual
040 _aARTS
_cARTS
_beng
041 _2eng
_aeng
082 _aY11:46, N2
100 _aVan De Walle Etiene Ed
_9134922
245 0 _aMortality and Society in Sub-Saharan Africa
260 _aOxford
_bClarendon Press
_c1992
300 _axx, 450p.
_ccm.
500 _aIncludes Index
650 _aSOCIOLOGY
942 _hY11:46, N2
_cTEXL
_2CC
999 _c265263
_d265263